ग़ज़ल प्रवेशिका/ (Record no. 68055)

MARC details
000 -LEADER
fixed length control field 01023nam a22001937a 4500
005 - DATE AND TIME OF LATEST TRANSACTION
control field 20120618141249.0
020 ## - INTERNATIONAL STANDARD BOOK NUMBER
International Standard Book Number 9788126330485
Terms of availability 105.00
100 ## - MAIN ENTRY--PERSONAL NAME
Personal name पाराशर, राजेन्द्र
245 ## - TITLE STATEMENT
Title ग़ज़ल प्रवेशिका/
Statement of responsibility, etc राजेन्द्र पाराशर
260 ## - PUBLICATION, DISTRIBUTION, ETC. (IMPRINT)
Place of publication, distribution, etc नई द्ल्ली
Name of publisher, distributor, etc भारतीय ज्ञानपीठ
Date of publication, distribution, etc 2011
270 ## - ADDRESS
Address 18, इन्स्टीट्यूशनल एरिया, लोदी रोड
City नई दिल्ली
Postal code 110003
300 ## - PHYSICAL DESCRIPTION
Extent 224 पृ.
Dimensions 22 सें.मी. (सजिल्द)
490 ## - SERIES STATEMENT
Series statement लोकोदय ग्रन्थमालाःग्रन्थांक 1089
-- 49279
700 ## - ADDED ENTRY--PERSONAL NAME
Personal name शुक्ल, दिनेश कुमार
9 (RLIN) 49220
700 ## - ADDED ENTRY--PERSONAL NAME
Personal name मिश्र, यतीन्द्र
9 (RLIN) 49266
942 ## - ADDED ENTRY ELEMENTS (KOHA)
Source of classification or shelving scheme Dewey Decimal Classification
Item type Hindi Books
Call number suffix पाराश
Holdings
Withdrawn status Lost status Not for loan Home library Current library Date acquired Cost, normal purchase price Full call number Cost, replacement price Koha item type
      Andrews Gunj Andrews Gunj 18/06/2012 105.00 पाराश 105.00 Hindi Books

© Delhi Public Library
Hit Counter
free hit counter